Air crash investigation of general aviation aircraft : with emphasis on the crash scene aspects of the investigation /

Bibliographic Details
Main Author: Ellis, Glenn, 1919-
Other Authors: Miller, C. O., Ramsden, J. M. (John Michael)
Format: Book
Language:English
Published: Greybull, Wyo. : Capstan Publications, [1984]
Subjects:

MARC

Tag First Indicator Second Indicator Subfields
LEADER 00000cam a2200000 a 4500
001 in00000920522
005 20150924171054.0
008 830929s1984 wyua b 00110 eng
010 |a  83020952  
020 |a 0914565001 :  |c $27.95 
020 |a 091456501X (pbk.) :  |c $17.95 
035 |a (OCoLC)10023009 
035 |9 AEP9483AM 
040 |a DLC  |c DLC  |d m/c  |d TXA  |d UtOrBLW 
049 |a TXAM  |c [A13339033] 
050 0 0 |a TL553.5  |b .E45 1984 
082 0 |a 363.1/2465  |2 19 
100 1 |a Ellis, Glenn,  |d 1919- 
245 1 0 |a Air crash investigation of general aviation aircraft :  |b with emphasis on the crash scene aspects of the investigation /  |c by Glenn Ellis, with contributions by C.O. Miller, J.M. Ramsden. 
264 1 |a Greybull, Wyo. :  |b Capstan Publications,  |c [1984] 
264 4 |c ©1984 
300 |a xvii, 239 pages :  |b illustrations ;  |c 24 cm. 
336 |a text  |b txt  |2 rdacontent 
337 |a unmediated  |b n  |2 rdamedia 
338 |a volume  |b nc  |2 rdacarrier 
500 |a "A Glenndale book." 
504 |a Bibliography: pages 225-231. 
500 |a Includes index. 
650 0 |a Aircraft accidents  |x Investigation. 
700 1 |a Miller, C. O. 
700 1 |a Ramsden, J. M.  |q (John Michael) 
999 |a MARS 
999 f f |s a06abb1d-f975-3196-b63e-8de8a61c0da5  |i 2b9ada03-09d3-3966-b418-1021aeb5da29  |t 0 
952 f f |p ric  |a Texas A&M University  |b Rellis Campus  |c Joint Library Facility  |d Remote Storage  |t 0  |e TL553.5 .E45 1984  |h Library of Congress classification  |i unmediated -- volume  |m A14813339033 
998 f f |a TL553.5 .E45 1984  |t 0  |l Remote Storage